Damso - Ipséité - Statistiques

Statistiques générales
  • Ce quiz a été pris 443 fois
  • Le résultat moyen est 221 sur 359
Statistiques - réponses
Réponse % Correct
a
97%
d'
96%
D'
96%
J'
96%
j'
96%
m'
95%
s'
93%
de
89%
De
89%
l'
89%
qu'
89%
ai
88%
c'
86%
C'
86%
elle
86%
et
86%
n'
86%
le
85%
Le
85%
me
85%
dans
81%
Dans
81%
ma
80%
Ma
80%
des
79%
je
78%
la
78%
La
78%
elles
77%
vécu
77%
difficultés
76%
par
75%
les
74%
Les
74%
Y'
74%
y'
74%
ce
73%
pour
73%
sa
73%
en
72%
En
72%
ça
70%
pas
70%
si
70%
Si
70%
misogyne
69%
fais
68%
mais
68%
Mais
68%
mon
68%
drames
66%
on
66%
qui
66%
peu
64%
que
64%
un
64%
il
63%
mes
63%
parle
63%
Toujours
63%
toujours
63%
sous
61%
ci
60%
est
60%
impossible
60%
vie
60%
Vie
60%
femmes
58%
fils
58%
resté
57%
Ban
56%
ban
56%
comme
56%
preuve
56%
mort
55%
ne
55%
plus
55%
suis
55%
tant
55%
même
54%
quoi
54%
haine
53%
national
53%
viseur
53%
amour
52%
Ces
52%
bang
51%
d'ipséité
51%
putains
51%
car
50%
nous
50%
SACEM
50%
aller
49%
balles
49%
ceux
49%
ciel
49%
étoiles
49%
hymne
49%
ils
49%
impositions
49%
million
49%
soir
49%
bruit
48%
Dems
48%
entre
48%
laisse
48%
fait
47%
JT
47%
noir
47%
payé
47%
premier
47%
inflige
46%
peine
46%
arrive
45%
dit
45%
du
45%
Sur
45%
barrières
44%
Cavani
44%
coeur
44%
coups
44%
culs
44%
depuis
44%
leurs
44%
moula
44%
quand
44%
vérité
44%
combien
43%
désir
43%
grâce
43%
homme
43%
insulte
43%
parlent
43%
partage
43%
retirer
43%
vengeance
43%
assez
42%
bas
42%
prend
42%
rêves
42%
rien
42%
sont
42%
veines
42%
vivre
42%
vont
42%
zen
42%
Aurais
41%
conditions
41%
lynché
41%
bonnes
40%
cauchemars
40%
désunir
40%
être
40%
Ici
40%
livre
40%
maladie
40%
Numéro
40%
redeviens
40%
sang
40%
sans
40%
soulagement
40%
finit
39%
fleurs
39%
mensonge
39%
tit-pe
39%
crois
38%
Edinson
38%
joint
38%
papa
38%
resterai
38%
tout
38%
une
38%
ailleurs
37%
biff
37%
congés
37%
croyons
37%
définir
37%
réalise
37%
accorde
36%
fanent
36%
moi-même
36%
salée
36%
hésiter
35%
Dieu
34%
rappe
34%
camel
33%
finissent
33%
gifle
33%
Yeah
33%
bat
32%
d'eu
32%
Lâché
32%
présence
32%
Traîne
32%
winners
32%
cervelle
31%
froide
31%
rrain-te
31%
simple
31%
The
31%
tireront
31%
vaut
31%
indé'
30%
quelle
30%
Quelle
30%
celle
29%
Melodyne
28%
d'mande
27%
disaient
26%
hey
26%
Audemars
23%
chrysanthèmes
23%
thèmes
20%
Choix
18%
sinon
18%
Oh
13%
Santos
8%
Aucun quiz correspondant
Distribution des résultats
% des personnes avec chaque résultat
Percentile par nombre de réponses
Votre historique - résultats
Vous n’avez pas pris ce quiz